Ballo di famiglia /

Saved in:
Bibliografiske detaljer
Hovedforfatter: Leavitt, David (Author)
Andre forfattere: Vezzoli, Delfina
Format: Bog
Sprog:italiensk
Udgivet: Milano : A. Mondadori, 1987
Udgivelse:9. ed
Serier:Omnibus
Tags: Tilføj Tag
Ingen Tags, Vær først til at tagge denne postø!

MARC

LEADER 00000nam a22000007i 4500
001 IT\ICCU\RAV\0019281
003 ItRI
005 20260115232243.0
008 870930s1987 it |||||| ||||| |||||c
040 |b ita  |c importazione bologna sebina 
041 7 |a ita  |2 ISO-639-2 
100 1 |a Leavitt, David  |0 IT\ICCU\CFIV\008092  |4 aut 
240 1 0 |a Family dancing.  |3 IT\ICCU\CFI\0013538  |9 Leavitt, David 
245 1 0 |a Ballo di famiglia /  |c David Leavitt ; traduzione di Delfina Vezzoli. 
250 |a 9. ed 
260 |a  Milano :  |b A. Mondadori,  |c 1987 
300 |a 197 p. ;  |c 23 cm. 
700 1 |a Vezzoli, Delfina  |0 IT\ICCU\CFIV\008093 
830 0 |a Omnibus  |0 IT\ICCU\CFI\0000512 
942 |2 ddc  |c BK  |n 0 
952 |0 0  |1 0  |4 0  |6 DOC_813_540000000000000_LEA  |7 0  |9 22992  |a BO  |b BO  |d 2026-01-15  |i 1400  |l 0  |o DOC 813.54 LEA  |p BO1400  |r 2026-01-15 23:22:43  |w 2026-01-15  |x [Sebina 5] [1 v.]  |y BK  |z 1 v. (X ed.) 
999 |c 19616  |d 19616